Manual for workers with intermediates in the Sunday school. (Record no. 14208)

000 -LEADER
fixed length control field 00594nam a2200181 a 4500
001 - CONTROL NUMBER
control field :::00012035$&:&@@
003 - CONTROL NUMBER IDENTIFIER
control field OkBaRHE
005 - DATE AND TIME OF LATEST TRANSACTION
control field 20100331143614.0
008 - FIXED-LENGTH DATA ELEMENTS--GENERAL INFORMATION
fixed length control field s1949 j 000 0 eng u
040 ## - CATALOGING SOURCE
Transcribing agency
100 1# - MAIN ENTRY--PERSONAL NAME
Personal name Morris, Dorothy B.
245 10 - TITLE STATEMENT
Title Manual for workers with intermediates in the Sunday school.
260 ## - PUBLICATION, DISTRIBUTION, ETC. (IMPRINT)
Place of publication, distribution, etc Springfield, MO., :
Name of publisher, distributor, etc Gospel Pub. House
Date of publication, distribution, etc 1949
300 ## - PHYSICAL DESCRIPTION
Extent 110 p. ;
Dimensions 19 cm.
650 ## - SUBJECT ADDED ENTRY--TOPICAL TERM
Topical term or geographic name as entry element Assemblies of God, Sunday schools
942 ## - ADDED ENTRY ELEMENTS (KOHA)
Source of classification or shelving scheme
Koha item type Books
Copies
Shelving location Copy number Lost status Barcode Koha item type Date acquired Damaged status Date last seen Full call number Price effective from Source of classification or shelving scheme Permanent Location Withdrawn status Not for loan
General Stacks1 12035Books2010-04-14 2010-04-14BX 8769 .A3 M62010-04-14 RHEMA Bible Training College